01020nam a2200301 i 450000100060000000300090000600500170001500800410003201500170007304000280009004600090011808000090012708000170013610000500015324501470020326000580035030000390040838000160044738800140046338800140047750400140049165000130050565000180051865800210053665800220055771000410057985600980062016245KOSZ 00520220414143131.0040421s1975 pl a |000 0 pol  aPB 1975/8202 aWA NcWA NdKOSZ 005/HR k1975 a7.01 a111.852(091)1 aTatarkiewicz, Władysławd(1886-1980)eAutor10aDzieje sześciu pojęć :bsztuka, piękno, forma, twórczość, odtwórczość, przeżycie estetyczne /cWładysław Tatarkiewicz. a[Warszawa] :bPaństwowe Wydawnictwo Naukowe,c1975. a437, [3] s. :bil., tab. ;c25 cm. aKsiążki a1901-2000 a1945-1989 aBibliogr. 4aEstetyka 4aTeoria sztuki aKultura i sztuka aFilozofia i etyka2 aPaństwowe Wydawnictwo Naukowe4pbl uhttp://koha.tu.koszalin.pl/cgi-bin/koha/opac-detail.pl?biblionumber=16245yKatalog online BPK